| 000 | 009790000a22002290004500 | ||
|---|---|---|---|
| 020 | _a84-406-8833-4 : 18.000 | ||
| 041 | 0 | _aSpa. | |
| 082 | 0 | 4 | _aG 320.540956 G894i |
| 100 | 1 | _aGrynberg, Anne | |
| 245 | 1 | 0 | _aIsrael : el nacimiento de un estado |
| 260 | _aBarcelona : Grupo Zeta | ||
| 300 | _a160 p. | ||
| 440 | 0 | _aCol. Biblioteca de Bolsillo CLAVES ; no. 22 | |
| 500 | _aTítulo original: Vers la terre d'Israël | ||
| 505 | 0 | 0 | _aLos judíos y la tierra de Israel -- Del sueño al proyecto político -- Entre la esperanza y los conflictos -- La lucha clandestina -- Llegados de todos los rincones -- El Israel del futuro -- Testimonios y documentos. |
| 650 | 1 | 4 | _aJUDIOS \ JUDIOS - HISTORIA \ JUDIOS - CONDICIONES POLITICAS Y SOCIALES \ JUDAISMO - HISTORIA - PERIODO POST-EXILIO, 586 A.C.-210 D.C. \ HISTORIA - ISRAEL |
| 001 | 17162 | ||
| 942 | _cBK | ||
| 999 |
_c43828 _d43828 |
||
| 336 |
_atexto _btxt _2rdacontent |
||
| 337 |
_2rdamedia _asin mediación _bn |
||
| 338 |
_2rdacarrier _avolumen _bnc |
||